<?xml version='1.0' encoding='UTF-8'?>
  <record xmlns="http://www.loc.gov/MARC21/slim">
    <leader>00000cem a2200000 i 4500</leader>
    <controlfield tag="001">ocm71468522</controlfield>
    <controlfield tag="003">OCoLC</controlfield>
    <controlfield tag="005">20250812025752.7</controlfield>
    <controlfield tag="007">aj cauun</controlfield>
    <controlfield tag="008">920203s1861    ne        u     0   dut d</controlfield>
    <datafield tag="040" ind1=" " ind2=" ">
      <subfield code="a">NLGGC</subfield>
      <subfield code="b">dut</subfield>
      <subfield code="e">fobidrtb</subfield>
      <subfield code="c">NLGGC</subfield>
      <subfield code="d">OCL</subfield>
      <subfield code="d">L2U</subfield>
      <subfield code="d">OCLCO</subfield>
      <subfield code="d">OCLCL</subfield>
      <subfield code="d">OCLCQ</subfield>
    </datafield>
    <datafield tag="029" ind1="0" ind2=" ">
      <subfield code="a">NLGGC</subfield>
      <subfield code="b">089787099</subfield>
    </datafield>
    <datafield tag="034" ind1="1" ind2=" ">
      <subfield code="a">a</subfield>
      <subfield code="b">50000</subfield>
    </datafield>
    <datafield tag="035" ind1=" " ind2=" ">
      <subfield code="a">(OCoLC)71468522</subfield>
    </datafield>
    <datafield tag="084" ind1=" " ind2=" ">
      <subfield code="a">74.20</subfield>
      <subfield code="2">bcl</subfield>
    </datafield>
    <datafield tag="100" ind1="1" ind2=" ">
      <subfield code="a">Rijn, K. van.</subfield>
    </datafield>
    <datafield tag="245" ind1="1" ind2="0">
      <subfield code="a">Kaart van de provincie Groningen waarop grootendeels de uitkomsten van de aldaar in de jaren 1855 tot 1859 gedane waterpassingen zijn aangewezen /</subfield>
      <subfield code="c">op last van Heeren Gedeputeerde Staten dier provincie en onder toezigt van C. Brunings... opgemaakt door K. van Rijn etc. ; op steen gegraveerd door C. Fehse.</subfield>
    </datafield>
    <datafield tag="255" ind1=" " ind2=" ">
      <subfield code="a">Schaal 1:50.000.</subfield>
    </datafield>
    <datafield tag="260" ind1=" " ind2=" ">
      <subfield code="a">Te Groningen :</subfield>
      <subfield code="b">bij J. Oomkens Jz,</subfield>
      <subfield code="c">1861.</subfield>
    </datafield>
    <datafield tag="300" ind1=" " ind2=" ">
      <subfield code="a">6 bladen. :</subfield>
      <subfield code="b">steendruk, de grenzen gekleurd. ;</subfield>
      <subfield code="c">elk 72 x 48 cm of kleiner, tezamen 142 x 95 cm.</subfield>
    </datafield>
    <datafield tag="336" ind1=" " ind2=" ">
      <subfield code="a">cartografische afbeelding</subfield>
      <subfield code="b">cri</subfield>
      <subfield code="2">rdacontent/dut</subfield>
    </datafield>
    <datafield tag="337" ind1=" " ind2=" ">
      <subfield code="a">zonder medium</subfield>
      <subfield code="b">n</subfield>
      <subfield code="2">rdamedia/dut</subfield>
    </datafield>
    <datafield tag="338" ind1=" " ind2=" ">
      <subfield code="a">vel</subfield>
      <subfield code="b">nb</subfield>
      <subfield code="2">rdacarrier/dut</subfield>
    </datafield>
    <datafield tag="500" ind1=" " ind2=" ">
      <subfield code="a">Met legenda.</subfield>
    </datafield>
    <datafield tag="507" ind1=" " ind2=" ">
      <subfield code="a">Met schaalstok van 5000 ellen [= 9,8 cm].</subfield>
    </datafield>
    <datafield tag="650" ind1=" " ind2="7">
      <subfield code="a">74.20 geography of The Netherlands.</subfield>
      <subfield code="0">(NL-LeOCL)169910598</subfield>
      <subfield code="2">bcl</subfield>
    </datafield>
    <datafield tag="651" ind1=" " ind2="7">
      <subfield code="a">Groningen (provincie)</subfield>
      <subfield code="2">gtt</subfield>
      <subfield code="0">(NL-LeOCL)07852704X</subfield>
    </datafield>
    <datafield tag="700" ind1="1" ind2=" ">
      <subfield code="a">Brunings, C.</subfield>
      <subfield code="q">(Christiaan),</subfield>
      <subfield code="d">1810-1873.</subfield>
      <subfield code="1">https://id.oclc.org/worldcat/entity/E39PCjFWXQBVVCX6Dt87w7C84q</subfield>
    </datafield>
    <datafield tag="700" ind1="1" ind2=" ">
      <subfield code="a">Fehse, C.,</subfield>
      <subfield code="d">fl. 1861.</subfield>
      <subfield code="1">https://id.oclc.org/worldcat/entity/E39PCjDHxGp6T7gGGDM4JvPPcP</subfield>
    </datafield>
    <datafield tag="700" ind1="1" ind2=" ">
      <subfield code="a">Oomkens, J.,</subfield>
      <subfield code="c">J. zoon,</subfield>
      <subfield code="d">fl. 1845.</subfield>
      <subfield code="1">https://id.oclc.org/worldcat/entity/E39PCjrhcdTHdhvy33mcXDpwYP</subfield>
    </datafield>
    <datafield tag="758" ind1=" " ind2=" ">
      <subfield code="a">Kaart van de provincie Groningen waarop grootendeels de uitkomsten van de aldaar in de jaren 1855 tot 1859 gedane waterpassingen zijn aangewezen (CartographicMaterial)</subfield>
      <subfield code="1">https://id.oclc.org/worldcat/entity/E39PCFBVDqB68bp39YCfqFvQG3</subfield>
      <subfield code="4">https://id.oclc.org/worldcat/ontology/hasWork</subfield>
    </datafield>
    <datafield tag="776" ind1="0" ind2=" ">
      <subfield code="t">Kaart van de provincie Groningen waarop grootendeels de uitkomsten van de aldaar in de jaren 1855 tot 1859 gedane waterpassingen zijn aangewezen</subfield>
      <subfield code="w">(NL-LeOCL)380406691</subfield>
    </datafield>
    <datafield tag="856" ind1="4" ind2=" ">
      <subfield code="u">http://irs.ub.rug.nl/ppn/089787099</subfield>
    </datafield>
    <datafield tag="936" ind1=" " ind2=" ">
      <subfield code="a">BATCHLOAD</subfield>
    </datafield>
  </record>